ARRUPE JESUIT UNIVERSITY

CORONAVIRUS -STOP THE SPREAD - CLEAN,DISINFECT,COVER

The Lugbara of Uganda. (Record no. 122972)

MARC details
000 -LEADER
fixed length control field 00717cam a22002411 4500
001 - CONTROL NUMBER
control field 752006
003 - CONTROL NUMBER IDENTIFIER
control field ARRUPE
005 - DATE AND TIME OF LATEST TRANSACTION
control field 20150716161428.0
008 - FIXED-LENGTH DATA ELEMENTS--GENERAL INFORMATION
fixed length control field 711124s1965 nyuab b 000 0 eng
010 ## - LIBRARY OF CONGRESS CONTROL NUMBER
LC control number 65011935
040 ## - CATALOGING SOURCE
Original cataloging agency DLC
Transcribing agency DLC
Modifying agency DLC
050 00 - LIBRARY OF CONGRESS CALL NUMBER
Classification number GN659.L6
Item number M5
082 00 - DEWEY DECIMAL CLASSIFICATION NUMBER
Classification number 301
300 ## - PHYSICAL DESCRIPTION
Other physical details illus., map.
Dimensions 24 cm.
100 1# - MAIN ENTRY--PERSONAL NAME
Personal name Middleton, John,
Dates associated with a name 1921-
9 (RLIN) 18313
245 14 - TITLE STATEMENT
Title The Lugbara of Uganda.
260 ## - PUBLICATION, DISTRIBUTION, ETC. (IMPRINT)
Place of publication, distribution, etc New York,
Name of publisher, distributor, etc Holt, Rinehart and Winston
Date of publication, distribution, etc [1965]
300 ## - PHYSICAL DESCRIPTION
Extent x, 96 p.
440 #0 - SERIES STATEMENT/ADDED ENTRY--TITLE
Title Case studies in cultural anthropology
9 (RLIN) 18314
504 ## - BIBLIOGRAPHY, ETC. NOTE
Bibliography, etc Bibliography: p. 93-95.
650 #0 - SUBJECT ADDED ENTRY--TOPICAL TERM
Topical term or geographic name as entry element Lugbara (African people)
9 (RLIN) 18315
906 ## - LOCAL DATA ELEMENT F, LDF (RLIN)
a 7
b cbc
c orignew
d u
e ocip
f 19
g y-gencatlg
942 ## - ADDED ENTRY ELEMENTS (KOHA)
Source of classification or shelving scheme Library of Congress Classification
Koha item type Monograph ( Printed materials)
Holdings
Withdrawn status Lost status Source of classification or shelving scheme Damaged status Not for loan Home library Current library Date acquired Total Checkouts Full call number Barcode Date last seen Price effective from Koha item type
    Library of Congress Classification     ARRUPE LIBRARY ARRUPE LIBRARY 16/07/2015   GN659.L6 M5 46500002633 09/04/2018 16/07/2015 Monograph ( Printed materials)

 

Arrupe Library. PO Box MP320 Mt Pleasant, Harare, Zimbabwe
263 242 745411|librarian@aju.ac.zw